| 000 | 00589nam a2200169Ia 4500 | ||
|---|---|---|---|
| 008 | 090711s9999 xx 000 0 und d | ||
| 082 | _b1402 | ||
| 100 | _aमराठे ह. मो. | ||
| 245 | _aएक माणूस एक दिवस (भाग-3) | ||
| 260 |
_bऔदुंबर प्रकाशन _c1999 |
||
| 300 | _a166 | ||
| 600 | _aमराठे ह. मो. | ||
| 630 | _aएक माणूस एक दिवस (भाग-3) | ||
| 700 | _aमराठे ह. मो. | ||
| 730 | _aएक माणूस एक दिवस (भाग-3) | ||
| 942 | _cBOOK | ||
| 999 |
_c336384 _d336384 |
||